00572nam a22001697a 45000050016000000200023000160350012000390370013000511000026000642450081000902500014001712600042001853000019002279420022002469990017002689520117002852012022804574.0 a8170002419c350.00 aB-31070 aDPLbENG aS., Jagadeesha943151 aLibrary automation using Foxpro 2.0 /cby Jagadeesha S. and Mahesh V. Mudhol arpr. 1999 aNew DelhibEss Ess Publicationsc1999 a184p.c20 cms. 2ddccENh028mJAG c63563d63563 001040708NFICaZLSbZLSd2012-02-28g350.00l0o028 JAGpB-31070r2012-02-28 00:00:00v350.00w2012-02-28yEN